Cargando…

Product Liability Entering the Twenty-First Century : The U.S. Perspective /

Detalles Bibliográficos
Clasificación:Libro Electrónico
Autor principal: Moore, Michael J., 1953-
Otros Autores: Viscusi, W. Kip
Formato: Electrónico eBook
Idioma:Inglés
Publicado: Washington, D.C. : AEI-Brookings Joint Center for Regulatory Studies, 2001.
Colección:Book collections on Project MUSE.
Temas:
Acceso en línea:Texto completo

MARC

LEADER 00000cam a22000004a 4500
001 musev2_9365
003 MdBmJHUP
005 20230905041051.0
006 m o d
007 cr||||||||nn|n
008 010906s2001 dcu o 00 0 eng d
010 |z  2001005538 
020 |a 9780815798798 
020 |z 9780815702290 
035 |a (OCoLC)53482642 
040 |a MdBmJHUP  |c MdBmJHUP 
043 |a n-us--- 
050 0 4 |a KF1296  |b .M66 2001 
082 0 |a 346.7303/8  |2 21 
100 1 |a Moore, Michael J.,  |d 1953- 
245 1 0 |a Product Liability Entering the Twenty-First Century :   |b The U.S. Perspective /   |c Michael J. Moore, W. Kip Viscusi. 
264 1 |a Washington, D.C. :  |b AEI-Brookings Joint Center for Regulatory Studies,  |c 2001. 
264 3 |a Baltimore, Md. :  |b Project MUSE,   |c 2012 
264 4 |c ©2001. 
300 |a 1 online resource (64 pages). 
336 |a text  |b txt  |2 rdacontent 
337 |a computer  |b c  |2 rdamedia 
338 |a online resource  |b cr  |2 rdacarrier 
504 |a Includes bibliographical references (p. 41-44). 
505 0 |a Brief history of products liability -- The product liability crisis -- Aftermath, 1988-89 -- Economic model -- Evidence on the consequences of product liability risks -- Evidence on the effects of product liability reforms -- Policy implications of product liability reforms -- Problems and prospects of mass toxic torts. 
588 |a Description based on print version record. 
650 0 |a Products liability  |x Economic aspects. 
650 0 |a Products liability  |z United States  |x History. 
655 7 |a Electronic books.   |2 local 
700 1 |a Viscusi, W. Kip. 
710 2 |a Project Muse.  |e distributor 
830 0 |a Book collections on Project MUSE. 
856 4 0 |z Texto completo  |u https://projectmuse.uam.elogim.com/book/9365/ 
945 |a Project MUSE - Custom Collection 
945 |a Project MUSE - Archive Complete Foundation 
945 |a Project MUSE - Archive Political Science and Policy Studies Foundation